Plan de marketing: diseño, implementación y control (Registro nro. 13561)

Detalles MARC
000 -Cabecera
Campo de control de longitud fija 01596nam a22005417a 4500
005 - Fecha y hora de la última transacción
Campo de control 20260225121136.0
008 - Elementos de longitud fija--Información general
Campo de control de longitud fija 230510b2021 |||||||| |||| 00| 0 spa d
020 ## - International Standard Book Number
Número Internacional Estándar del Libro (ISBN) 9788418532801
041 ## - Idioma
Código de idioma Español
082 ## - Clasificación Decimal Dewey
Número de clasificación 658.8 H867p
100 ## - Entrada principal--Autor personal
Nombre personal Hoyos Ballestero, Ricado
245 ## - Título propiamente dicho
Título Plan de marketing: diseño, implementación y control
250 ## - Edición
Mención de edición 3 edición
260 ## - Pie de imprenta
Lugar de publicación, distribución, etc. España
260 ## - Pie de imprenta
Nombre del editor, distribuidor, etc. Marge Books
260 ## - Pie de imprenta
Fecha de publicación, distribución, etc. 2021
300 ## - Descripción física
Extensión 152 páginas
490 ## - Serie
Título de la Serie Dirección y Administración de Empresas
650 ## - Materia general
Temática (materia general) GERENCIA DEL MERCADO
650 ## - Materia general
Temática (materia general) MARKETING
650 ## - Materia general
Temática (materia general) ESTRATEGIA
650 ## - Materia general
Temática (materia general) ROL DEL VENDEDOR
650 ## - Materia general
Temática (materia general) GERENCIA DE MARKETING
650 ## - Materia general
Temática (materia general) TÁCTICA DE LA GERENCIA DE MARKETING
650 ## - Materia general
Temática (materia general) ROL DEL EMPRESARIO
650 ## - Materia general
Temática (materia general) PUBLICIDAD
650 ## - Materia general
Temática (materia general) PLAN DE MARKETING
650 ## - Materia general
Temática (materia general) INNOVACIÓN
650 ## - Materia general
Temática (materia general) BRANDING
650 ## - Materia general
Temática (materia general) MODELO CASAR
650 ## - Materia general
Temática (materia general) PLANIFICACIÓN ESTRATÉGICA
650 ## - Materia general
Temática (materia general) PAPEL DEL MARKETING EN LA EMPRESAS
650 ## - Materia general
Temática (materia general) FUNCIONES DE LA GERENCIA DE MARKETING
650 ## - Materia general
Temática (materia general) ANÁLISIS FODA
650 ## - Materia general
Temática (materia general) FORECAST
650 ## - Materia general
Temática (materia general) PRONÓSTICO DE VENTAS
650 ## - Materia general
Temática (materia general) AUDITORÍA DE MARKETING
650 ## - Materia general
Temática (materia general) AUDITORÍA DEL SERVICIO AL CLIENTE
650 ## - Materia general
Temática (materia general) ELEMENTOS DEL PLAN DE MARKETING
650 ## - Materia general
Temática (materia general) ELABORACIÓN DEL PRONÓSTICO DE VENTAS
650 ## - Materia general
Temática (materia general) EJECUCUÓN DE LA ESTRATEGIA
650 ## - Materia general
Temática (materia general) EVALUACIÓN DEL DESEMPEÑO DE MARKETING
650 ## - Materia general
Temática (materia general) AUDITORIA DEL SERVICIO AL CLIENTE
650 ## - Materia general
Temática (materia general) VADEMÉCUM ESTRATÉGICO
650 ## - Materia general
Temática (materia general) DAFO
942 ## - Punto de acceso adicional KOHA
Tipo de ítem KOHA Libro
Fuente del sistema de clasificación o colocación Dewey Decimal Classification
Existencias
Signatura completa Código de barras Programa Académico Tipo de ítem
658.8 H867p 25677 Dirección y Administración de Empresas Libro
658.8 H867p 25678 Dirección y Administración de Empresas Libro